| 000 | 00733nam a2200205 a 4500 | ||
|---|---|---|---|
| 005 | 20240314063647.0 | ||
| 008 | 140401s2007 mx r 000 0 spa d | ||
| 020 | _a9789705800320 | ||
| 035 | _aUPN01000196758 | ||
| 049 | _aI | ||
| 050 | 4 |
_aPS3558 O3.47 _bA5.2 |
|
| 100 | 1 |
_aHochschild, Adam, _d1942- _935551 |
|
| 245 | 1 | 0 |
_aAnabel y el monstruo del Lago Ness / _cAdam Hochschild ; il. El Fisgón ; tr. Yekaterina Manuelyevna García Markina. |
| 260 |
_aMéxico : _bAlfaguara, _c2007. |
||
| 300 |
_a[34] p. : _bprincipalmente il. col. |
||
| 534 |
_pTítulo original : _tAnabell and the monster of Loch Ness |
||
| 650 | 4 |
_aCuentos infantiles estadounidenses _910762 |
|
| 650 | 0 |
_aAventuras y aventureros _94121 |
|
| 905 | _aInfantil | ||
| 999 |
_c168859 _d168859 |
||